Počítačové sítě

Na minha lista:
Detalhes bibliográficos
Autor principal: Janeček, Jan (Author)
Formato: Livro
Idioma:tcheco
Publicado em: Praha : České vysoké učení technické v Praze, 1986
Edição:1. vyd.
Tags: Adicionar Tag
Sem tags, seja o primeiro a adicionar uma tag!

MARC

LEADER 00000nam a22000003a 4500
001 stu25687
005 20150617225745.8
008 980521s1986------------------------cze-d
040 |a STU  |b slo 
041 0 |a cze 
100 1 |a Janeček, Jan  |4 aut 
245 1 |a Počítačové sítě 
250 |a 1. vyd. 
260 |a Praha :  |b České vysoké učení technické v Praze,  |c 1986 
300 |a 144 s 
996 |b 284ES14318  |c E*S-25564  |l EE01  |s A  |a 24  |w stu25687_0001 
996 |b 284ES14317  |c E*S-25563  |l EE01  |s A  |a 24  |w stu25687_0002 
996 |b 284ES16777  |c E*S-25565  |l EE01  |s A  |a 24  |w stu25687_0003